Ponuka vzdelávania rok 1999

Gespeichert in:
Bibliographische Detailangaben
Format: Buch
Sprache:Slowakisch
Veröffentlicht: Bratislava Centrum ďalšieho vzdelávania Ekonomickej univerzity 1999
Tags: Tag hinzufügen
Keine Tags, Fügen Sie das erste Tag hinzu!

MARC

LEADER 00000nam a2200000 4500
001 c106208
005 20221123133329.0
041 0 |a slo 
044 |a SK 
245 1 0 |a Ponuka vzdelávania  |b rok 1999 
264 1 |a Bratislava  |b Centrum ďalšieho vzdelávania Ekonomickej univerzity  |c 1999 
300 |a 127 s.